Odkaz Tomáša Baťu - zakladateľa

Salvato in:
Dettagli Bibliografici
Autore principale: Bubeníková, Ľuba
Natura: Libro
Lingua:slovacco
Pubblicazione: Partizánske Garmond 2000
Soggetti:
Tags: Aggiungi Tag
Nessun Tag, puoi essere il primo ad aggiungerne!!

MARC

LEADER 00000nam a2200000 4500
001 c132670
005 20221123133230.5
020 |a 80-85587-09-2 
041 0 |a slo 
044 |a SK 
245 1 0 |a Odkaz Tomáša Baťu - zakladateľa  |c Ľuba Bubeníková 
264 1 |a Partizánske  |b Garmond  |c 2000 
300 |a 31 s. 
610 2 0 |a biografia 
610 2 0 |a životopisy 
610 2 0 |a Baťa, T. 
610 2 0 |a podnikanie 
610 2 0 |a obuvníctvo 
610 2 0 |a know-how 
610 2 0 |a podnikatelia 
610 2 0 |a stratégia podniková 
610 2 0 |a podnikanie súkromné 
610 2 0 |a starostlivosť o pracovníkov 
610 2 0 |a politika sociálna podniková 
100 1 |a Bubeníková, Ľuba